000 00522cam a2200217ua 4500
001 7873
005 20260515114250.0
008 141229n ii |||gr||||Z||||||hin
020 _a8181290526
040 _cMAIN
041 _ahin
082 _a891.434
100 _aSingh, D.,
_eAuthor.
245 1 _aRashkhan granthabali
_cBy Deshraj Singh
250 _a1st.
260 _aNew Delhi:
_bNaman,
_c2004.
300 _a276p.
653 _aEast Indo-European & Celtic literatures
653 _aHindi essays
942 _cBK
999 _c6988
_d6988